[Event "Hong Kong op"]
[Site "Hong Kong"]
[Date "2023.12.29"]
[Round "9"]
[White "Wong, Ho Cheung"]
[Black "Tsai, Sophie Yi Hsuan"]
[Result "0-1"]
[WhiteElo "1991"]
[BlackElo "1365"]
[PlyCount "82"]
[EventDate "2023.12.24"]
[EventType "swiss"]
[EventRounds "9"]
[EventCountry "HKG"]
[SourceTitle "CB01_2024"]
[SourceDate "2024.01.03"]
[SourceVersion "1"]
[SourceVersionDate "2024.01.03"]
[SourceQuality "1"]

1. b3 d5 2. Bb2 c5 3. e3 Nc6 4. f4 e6 5. Nf3 Nf6 6. Bb5 Bd7 7. 0-0 a6 8. Bxc6 Bxc6 9. d3 b5 10. Ne5 Bb7 11. Nd2 Nd7 12. Qh5 Nxe5 13. Bxe5 Qd7 14. f5 exf5 15. Rxf5 g6 16. Qf3 d4 17. e4 gxf5 18. Bxh8 Bh6 19. Nf1 0-0-0 20. Bf6 Rg8 21. Ng3 Be3+ 22. Kh1 Rg6 23. Be5 fxe4 24. dxe4 Qe6 25. Qf5 Qxf5 26. exf5 Rg8 27. Re1 h5 28. Re2 h4 29. Nf1 h3 30. Nxe3 dxe3 31. Kg1 Rd8 32. Bc3 b4 33. Be1 Re8 34. Bg3 hxg2 35. Bf4 Rd8 36. Re1 e2 37. Kf2 Rd1 38. Be3 g1Q+ 39. Rxg1 Rxg1 40. Kxe2 Rg2+ 41. Kd3 Rxh2 0-1

[Event "Hong Kong op"]
[Site "Hong Kong"]
[Date "2023.12.25"]
[Round "3"]
[White "Wang, Zihao"]
[Black "Tsai, Sophie Yi Hsuan"]
[Result "1-0"]
[WhiteElo "1733"]
[BlackElo "1365"]
[PlyCount "89"]
[EventDate "2023.12.24"]
[EventType "swiss"]
[EventRounds "9"]
[EventCountry "HKG"]
[SourceTitle "CB01_2024"]
[SourceDate "2024.01.03"]
[SourceVersion "1"]
[SourceVersionDate "2024.01.03"]
[SourceQuality "1"]

1. e4 c5 2. Nf3 g6 3. c3 d5 4. exd5 Qxd5 5. d4 cxd4 6. cxd4 Bg7 7. Nc3 Qd8 8. Qa4+ Bd7 9. Qb3 Nc6 10. d5 Na5 11. Qb4 Nf6 12. Bb5 0-0 13. Bxd7 Nxd7 14. 0-0 Rc8 15. Qh4 Nc4 16. Re1 Nf6 17. Ng5 Nd6 18. Qa4 a6 19. Be3 Nc4 20. Qb3 b5 21. Rad1 Nd7 22. Ne6 fxe6 23. dxe6 Nc5 24. Bxc5 Qc7 25. Ne4 Rfd8 26. Qf3 Rf8 27. Qh3 Ne5 28. Rd7 Qa5 29. b4 Qxa2 30. Rxe7 a5 31. Rxg7+ Kxg7 32. Bxf8+ Rxf8 33. Qc3 Rf5 34. f4 axb4 35. Qc7+ Kh6 36. fxe5 Qxe6 37. g4 Rf7 38. Qc1+ Kg7 39. Qg5 h6 40. Nc5 Qa2 41. Qe3 Qc4 42. h3 b3 43. Nxb3 Qc6 44. Nd4 Qb6 45. Nf5+ 1-0

[Event "Olympiad Women-44"]
[Site "Chennai"]
[Date "2022.07.30"]
[Round "2.1"]
[White "Tsai, Sophie Yi Hsuan"]
[Black "Dubois, Martine"]
[Result "1/2-1/2"]
[WhiteElo "1131"]
[BlackElo "1782"]
[PlyCount "100"]
[EventDate "2022.07.29"]
[EventType "team-swiss"]
[EventRounds "11"]
[EventCountry "IND"]
[SourceTitle "CBM 210"]
[Source "ChessBase"]
[SourceDate "2022.10.31"]
[SourceVersion "1"]
[SourceVersionDate "2022.10.31"]
[SourceQuality "1"]
[WhiteTeam "Chinese Taipei (W)"]
[BlackTeam "Monaco (W)"]
[WhiteTeamCountry "TPE"]
[BlackTeamCountry "MNC"]

1. e4 e5 2. Nf3 d5 3. exd5 e4 4. Qe2 Nf6 5. Nc3 Be7 6. Nxe4 0-0 7. Nxf6+ Bxf6 8. d4 Qxd5 9. Be3 c5 10. Qc4 Be6 11. Qxd5 Bxd5 12. 0-0-0 c4 13. h4 b5 14. Be2 a5 15. g4 Be7 16. Rhg1 b4 17. Ne5 Rc8 18. Bf3 Bxf3 19. Nxf3 a4 20. Kd2 Nd7 21. Ke2 Bd6 22. h5 Nf6 23. d5 a3 24. b3 cxb3 25. cxb3 Rc2+ 26. Rd2 Rxd2+ 27. Bxd2 Nxd5 28. Rd1 Nf6 29. h6 Re8+ 30. Kf1 Nxg4 31. hxg7 Bc5 32. Be1 h5 33. Rd5 Be7 34. Rxh5 Kxg7 35. Rb5 Rc8 36. Bxb4 Bf6 37. Bxa3 Rc2 38. Rb4 Nxf2 39. Rc4 Rxa2 40. Bc5 Nd3 41. Bd4 Bxd4 42. Nxd4 Rf2+ 43. Kg1 Rb2 44. Kf1 Kf6 45. Rc3 Nb4 46. Rc5 Nd3 47. Rc3 Ne5 48. Rc2 Rb1+ 49. Ke2 Kg5 50. Kd2 Kf4 1/2-1/2

[Event "Online Olym Div3 B"]
[Site "Chess.com INT"]
[Date "2020.08.09"]
[Round "8.4"]
[White "Tsai, Sophie Yi Hsuan"]
[Black "Gabatshwarwe, Refilwe"]
[Result "0-1"]
[WhiteElo "1131"]
[BlackElo "1750"]
[PlyCount "58"]
[EventDate "2020.08.07"]
[EventType "team-tourn (rapid)"]
[EventRounds "9"]
[EventCountry "USA"]
[SourceTitle "CBM 198"]
[Source "ChessBase"]
[SourceDate "2020.10.31"]
[SourceVersion "1"]
[SourceVersionDate "2020.10.31"]
[SourceQuality "1"]
[WhiteTeam "Taiwan"]
[BlackTeam "Botswana"]
[WhiteTeamCountry "TPE"]
[BlackTeamCountry "BOT"]

1. e4 e5 2. Nf3 Nc6 3. Bc4 Bc5 4. c3 Nf6 5. d4 exd4 6. cxd4 Bb4+ 7. Bd2 Bxd2+ 8. Nbxd2 d5 9. exd5 Nxd5 10. 0-0 0-0 11. Nb3 Bg4 12. Qd3 Nb6 13. Nbd2 Qf6 14. Ne4 Qg6 15. Nh4 Qh5 16. g3 Nxc4 17. Qxc4 Be2 18. Qc2 Nxd4 19. Qd2 Bxf1 20. Qxd4 Rad8 21. Qa4 Bh3 22. Re1 h6 23. f3 Qe5 24. Qb3 Rfe8 25. Kf2 Rd2+ 26. Kg1 Qd4+ 27. Kh1 Rxe4 28. fxe4 Qf2 29. Qxb7 Qxh2# 0-1

[Event "Online Olym Div3 B"]
[Site "Chess.com INT"]
[Date "2020.08.07"]
[Round "1.4"]
[White "Tharushi, THD Niklesha"]
[Black "Tsai, Sophie Yi Hsuan"]
[Result "1-0"]
[WhiteElo "1632"]
[BlackElo "1131"]
[PlyCount "77"]
[EventDate "2020.08.07"]
[EventType "team-tourn (rapid)"]
[EventRounds "9"]
[EventCountry "USA"]
[SourceTitle "CBM 198"]
[Source "ChessBase"]
[SourceDate "2020.10.31"]
[SourceVersion "1"]
[SourceVersionDate "2020.10.31"]
[SourceQuality "1"]
[WhiteTeam "Sri Lanka"]
[BlackTeam "Taiwan"]
[WhiteTeamCountry "SRI"]
[BlackTeamCountry "TPE"]

1. d4 Nf6 2. c4 e6 3. Nf3 d5 4. Nc3 c6 5. Bg5 Be7 6. e3 0-0 7. cxd5 Nxd5 8. Bxe7 Qxe7 9. e4 Nxc3 10. bxc3 Nd7 11. e5 f6 12. exf6 Qxf6 13. Bd3 e5 14. Qc2 g6 15. 0-0 exd4 16. Bc4+ Kg7 17. cxd4 Nb6 18. Bb3 Bf5 19. Qb2 Be4 20. Ne5 Rad8 21. a4 Qe7 22. Rfe1 Bd5 23. Bxd5 Rxd5 24. Nxg6 Qg5 25. Nxf8 Kxf8 26. a5 Nc4 27. Qxb7 Nxa5 28. Qb8+ Kg7 29. Qc7+ Kg6 30. Re6+ Kh5 31. Qxh7+ Kg4 32. Re4+ Qf4 33. Qg6+ Rg5 34. f3+ Kh4 35. g3+ Rxg3+ 36. hxg3+ Kh3 37. Qh5+ Kxg3 38. Qh2+ Kxf3 39. Qxf4# 1-0

[Event "Online Olym Div4 A"]
[Site "Chess.com INT"]
[Date "2020.08.02"]
[Round "7.2"]
[White "Shah, Krishi"]
[Black "Tsai, Sophie Yi Hsuan"]
[Result "0-1"]
[WhiteElo "1602"]
[BlackElo "1131"]
[PlyCount "166"]
[EventDate "2020.07.31"]
[EventType "team-tourn (rapid)"]
[EventRounds "9"]
[EventCountry "USA"]
[SourceTitle "CBM 198"]
[Source "ChessBase"]
[SourceDate "2020.10.31"]
[SourceVersion "1"]
[SourceVersionDate "2020.10.31"]
[SourceQuality "1"]
[WhiteTeam "Kenya"]
[BlackTeam "Taiwan"]
[WhiteTeamCountry "KEN"]
[BlackTeamCountry "TPE"]

1. e4 c5 2. Nf3 g6 3. Bc4 Bg7 4. Nc3 Nc6 5. d3 Nf6 6. 0-0 0-0 7. Be3 b6 8. Qd2 Ng4 9. Bf4 d6 10. h3 Nge5 11. Nxe5 Nxe5 12. Bd5 Rb8 13. a4 e6 14. Bb3 Qe7 15. Bh6 Bb7 16. Bxg7 Kxg7 17. f4 Nd7 18. f5 exf5 19. exf5 Rbe8 20. Rae1 Qd8 21. Nb5 Rxe1 22. Qxe1 Nf6 23. Qg3 Nh5 24. Qxd6 Qg5 25. Bd5 Bxd5 26. Qxd5 Qe3+ 27. Kh2 Qg3+ 28. Kh1 Qe3 29. Rd1 Ng3+ 30. Kh2 Nxf5 31. Qf3 Qe5+ 32. Kg1 Qxb2 33. c4 a6 34. Nc7 Qd4+ 35. Kh1 Qe5 36. Nd5 Ng3+ 37. Kg1 Ne2+ 38. Kf2 Nd4 39. Qe4 Qxe4 40. dxe4 Rb8 41. Rb1 b5 42. axb5 axb5 43. cxb5 Rxb5 44. Rxb5 Nxb5 45. Ke3 c4 46. Nb4 Kf6 47. Kd2 Ke5 48. Ke3 Nd6 49. g3 f5 50. Nc6+ Ke6 51. e5 Ne4 52. g4 fxg4 53. hxg4 Nc5 54. Kd4 Nd7 55. Nd8+ Ke7 56. Nb7 c3 57. Kxc3 Nxe5 58. g5 Nf3 59. Nc5 Nxg5 60. Kd4 Ne6+ 61. Nxe6 Kxe6 62. Ke4 Kf6 63. Kf4 h5 64. Kg3 g5 65. Kh3 Kf5 66. Kg3 h4+ 67. Kh3 Kf4 68. Kh2 g4 69. Kg2 h3+ 70. Kh2 Kf3 71. Kg1 g3 72. Kh1 g2+ 73. Kg1 h2+ 74. Kxh2 Kf2 75. Kh3 g1Q 76. Kh4 Qg3+ 77. Kh5 Kf3 78. Kh6 Qg4 79. Kh7 Qg5 80. Kh8 Kf4 81. Kh7 Kf5 82. Kh8 Kf6 83. Kh7 Qg7# 0-1

[Event "Online Olym Div4 A"]
[Site "Chess.com INT"]
[Date "2020.08.02"]
[Round "8.5"]
[White "Tsai, Sophie Yi Hsuan"]
[Black "Chuersakul, Sarocha"]
[Result "0-1"]
[WhiteElo "1131"]
[BlackElo "1668"]
[PlyCount "132"]
[EventDate "2020.07.31"]
[EventType "team-tourn (rapid)"]
[EventRounds "9"]
[EventCountry "USA"]
[SourceTitle "CBM 198"]
[Source "ChessBase"]
[SourceDate "2020.10.31"]
[SourceVersion "1"]
[SourceVersionDate "2020.10.31"]
[SourceQuality "1"]
[WhiteTeam "Taiwan"]
[BlackTeam "Thailand"]
[WhiteTeamCountry "TPE"]
[BlackTeamCountry "THA"]

1. e4 c6 2. d4 d5 3. exd5 cxd5 4. Be2 Nf6 5. Nf3 Bg4 6. h3 Bh5 7. Be3 e6 8. a3 Bd6 9. Nc3 a6 10. Qd2 Nc6 11. 0-0 0-0 12. Bg5 Be7 13. Rad1 h6 14. Bh4 Ne4 15. Nxe4 Bxh4 16. Nc3 Bf6 17. Ne5 Bxe2 18. Nxc6 bxc6 19. Nxe2 Qb6 20. b3 c5 21. dxc5 Qxc5 22. Qd3 Qxa3 23. Nd4 Rfc8 24. Ra1 Qc5 25. Rfd1 e5 26. Nf5 e4 27. Qxd5 Qxd5 28. Rxd5 Bxa1 29. Ne7+ Kf8 30. Nxc8 Rxc8 31. c4 Rb8 32. Ra5 Rb6 33. Rxa1 Ke7 34. Kf1 Kd6 35. b4 Rxb4 36. Rxa6+ Kd7 37. Ra7+ Ke6 38. Rc7 Rb2 39. Rc8 Ke7 40. Rc5 Kd6 41. Rd5+ Ke6 42. Rc5 Rc2 43. Ke1 g6 44. Rc8 Kd7 45. Rc5 f6 46. Kf1 h5 47. g3 Ra2 48. Rd5+ Kc6 49. Rd4 f5 50. Rd8 Kc5 51. Rg8 Ra6 52. Rc8+ Rc6 53. Rxc6+ Kxc6 54. Ke2 Kc5 55. f3 Kxc4 56. Ke3 Kd5 57. Kf4 Kd4 58. fxe4 fxe4 59. g4 h4 60. g5 Kd3 61. Kg4 e3 62. Kf3 e2 63. Kf2 Kd2 64. Kf3 e1Q 65. Kf4 Qe3+ 66. Kg4 Qg3# 0-1

[Event "Online Olym Div4 A"]
[Site "Chess.com INT"]
[Date "2020.08.01"]
[Round "6.4"]
[White "Tsai, Sophie Yi Hsuan"]
[Black "Yadav, Sneha"]
[Result "1-0"]
[WhiteElo "1131"]
[BlackElo "1524"]
[PlyCount "47"]
[EventDate "2020.07.31"]
[EventType "team-tourn (rapid)"]
[EventRounds "9"]
[EventCountry "USA"]
[SourceTitle "CBM 198"]
[Source "ChessBase"]
[SourceDate "2020.10.31"]
[SourceVersion "1"]
[SourceVersionDate "2020.10.31"]
[SourceQuality "1"]
[WhiteTeam "Taiwan"]
[BlackTeam "Nepal"]
[WhiteTeamCountry "TPE"]
[BlackTeamCountry "NEP"]

1. e4 c5 2. Nf3 Nc6 3. d4 cxd4 4. Nxd4 g6 5. c4 Bg7 6. Be3 Nf6 7. Nc3 0-0 8. Be2 d6 9. 0-0 Bd7 10. f4 e6 11. Qd2 Re8 12. Rad1 Bf8 13. f5 exf5 14. exf5 Nxd4 15. Bxd4 Bxf5 16. Bd3 Be6 17. Bxf6 Qb6+ 18. Kh1 Rac8 19. b3 a6 20. Bc2 Qa5 21. Ne4 Qxa2 22. Ra1 Qxa1 23. Bxa1 Be7 24. Qc3 1-0